<?xml version="1.0" encoding="UTF-8"?>
<collection xmlns="http://www.loc.gov/MARC21/slim">
<record>
  <controlfield tag="001">162787</controlfield>
  <controlfield tag="005">20251017144632.0</controlfield>
  <datafield tag="024" ind1="7" ind2=" ">
    <subfield code="2">doi</subfield>
    <subfield code="a">10.7203/CIRIEC-E.104.21855</subfield>
  </datafield>
  <datafield tag="024" ind1="8" ind2=" ">
    <subfield code="2">sideral</subfield>
    <subfield code="a">128785</subfield>
  </datafield>
  <datafield tag="037" ind1=" " ind2=" ">
    <subfield code="a">ART-2022-128785</subfield>
  </datafield>
  <datafield tag="041" ind1=" " ind2=" ">
    <subfield code="a">spa</subfield>
  </datafield>
  <datafield tag="100" ind1=" " ind2=" ">
    <subfield code="a">Álvarez, J.F.</subfield>
  </datafield>
  <datafield tag="245" ind1=" " ind2=" ">
    <subfield code="a">Economía Social y covid-19: Una mirada internacional</subfield>
  </datafield>
  <datafield tag="260" ind1=" " ind2=" ">
    <subfield code="c">2022</subfield>
  </datafield>
  <datafield tag="506" ind1="0" ind2=" ">
    <subfield code="a">Access copy available to the general public</subfield>
    <subfield code="f">Unrestricted</subfield>
  </datafield>
  <datafield tag="520" ind1="3" ind2=" ">
    <subfield code="a">The health crisis caused by the covid-19 pandemic has affected the entire world population globally and the consequences have been different in each country. Predictably, the most vulnerable populations have suffered the most devastating consequences in terms of health, unemployment and increased inequality. In some countries the informal economy has become larger than the formal economy. The Social and Solidarity Economy (hereafter SSE) has also suffered the consequences caused by covid-19, but it has also been a response to the multiple situations that have occurred in all countries. The aim of this paper is to examine the role of the SSE at the international level by looking at two issues: one, to examine the responses of the SSE to the crisis caused by the covid-19 pandemic and two, to analyse the role of the SSE in future social and economic recovery. To this end, a comparative analysis is made of the responses, strategies and role of the social economy in different territories, Quebec, Colombia and Spain.
La crisis de salud provocada por la pandemia covid-19 ha afectado de forma global a toda la población mundial y las consecuencias de la misma han sido diferentes en cada país. Como era de esperar, la población más vulnerable ha sufrido las consecuencias más devastadoras con respecto a la salud, desempleo o incremento de la desigualdad. En algunos países la economía informal ha pasado a ser superior a la economía formal. La Economía Social y Solidaria (en adelante ESS) también ha sufrido las consecuencias provocadas por la covid-19, pero también ha sido respuesta a las múltiples situaciones que se han producido en todos los países. El objetivo de este trabajo es examinar el papel de la ESS a nivel internacional atendiendo a dos cuestiones: una, examinar las respuestas de la ESS a la crisis provocada por la pandemia covid-19 y dos, analizar el papel de la ESS en la futura recuperación social y económica. Para ello, se realiza un análisis comparado de las respuestas, estrategias y papel de la ESS en diferentes territorios, Quebec, Colombia y España.</subfield>
  </datafield>
  <datafield tag="540" ind1=" " ind2=" ">
    <subfield code="9">info:eu-repo/semantics/openAccess</subfield>
    <subfield code="a">All rights reserved</subfield>
    <subfield code="u">http://www.europeana.eu/rights/rr-f/</subfield>
  </datafield>
  <datafield tag="592" ind1=" " ind2=" ">
    <subfield code="a">0.477</subfield>
    <subfield code="b">2022</subfield>
  </datafield>
  <datafield tag="593" ind1=" " ind2=" ">
    <subfield code="a">Sociology and Political Science</subfield>
    <subfield code="c">2022</subfield>
    <subfield code="d">Q2</subfield>
  </datafield>
  <datafield tag="593" ind1=" " ind2=" ">
    <subfield code="a">Economics and Econometrics</subfield>
    <subfield code="c">2022</subfield>
    <subfield code="d">Q2</subfield>
  </datafield>
  <datafield tag="594" ind1=" " ind2=" ">
    <subfield code="a">2.5</subfield>
    <subfield code="b">2022</subfield>
  </datafield>
  <datafield tag="655" ind1=" " ind2="4">
    <subfield code="a">info:eu-repo/semantics/article</subfield>
    <subfield code="v">info:eu-repo/semantics/publishedVersion</subfield>
  </datafield>
  <datafield tag="700" ind1=" " ind2=" ">
    <subfield code="a">Bouchard, M.J.</subfield>
  </datafield>
  <datafield tag="700" ind1=" " ind2=" ">
    <subfield code="a">Marcuello, C.</subfield>
    <subfield code="u">Universidad de Zaragoza</subfield>
    <subfield code="0">(orcid)0000-0003-1745-8037</subfield>
  </datafield>
  <datafield tag="710" ind1="2" ind2=" ">
    <subfield code="1">4012</subfield>
    <subfield code="2">650</subfield>
    <subfield code="a">Universidad de Zaragoza</subfield>
    <subfield code="b">Dpto. Direcc.Organiza.Empresas</subfield>
    <subfield code="c">Área Organización de Empresas</subfield>
  </datafield>
  <datafield tag="773" ind1=" " ind2=" ">
    <subfield code="g">104 (2022), 203-231</subfield>
    <subfield code="p">C.I.R.I.E.C. Esp.</subfield>
    <subfield code="t">C.I.R.I.E.C. España</subfield>
    <subfield code="x">0213-8093</subfield>
  </datafield>
  <datafield tag="856" ind1="4" ind2=" ">
    <subfield code="s">483299</subfield>
    <subfield code="u">http://zaguan.unizar.es/record/162787/files/texto_completo.pdf</subfield>
    <subfield code="y">Versión publicada</subfield>
  </datafield>
  <datafield tag="856" ind1="4" ind2=" ">
    <subfield code="s">1383094</subfield>
    <subfield code="u">http://zaguan.unizar.es/record/162787/files/texto_completo.jpg?subformat=icon</subfield>
    <subfield code="x">icon</subfield>
    <subfield code="y">Versión publicada</subfield>
  </datafield>
  <datafield tag="909" ind1="C" ind2="O">
    <subfield code="o">oai:zaguan.unizar.es:162787</subfield>
    <subfield code="p">articulos</subfield>
    <subfield code="p">driver</subfield>
  </datafield>
  <datafield tag="951" ind1=" " ind2=" ">
    <subfield code="a">2025-10-17-14:27:07</subfield>
  </datafield>
  <datafield tag="980" ind1=" " ind2=" ">
    <subfield code="a">ARTICLE</subfield>
  </datafield>
</record>
</collection>